000 01476nam a22002537a 4500
003 Uzh_bibl
008 260515b |||||||| |||| 00| 0 ukr d
020 _a966-500-084-5
_c22.00
040 _bукр.
041 _2ger
_aukr
080 _a821(494)
090 _a821(494)
_bГ 43
100 _aГесе,Герман
245 _aСтеповий вовк
_cпер. з нім..Є.Попович
_hТекст
260 _aКиїв
_bВид-во Соломії Павличко "Основи"
_c2003
300 _a351 с.
520 _aУ романі "Степовий вовк" найвідомішому своєму творі,Герман Гесе, ґрунтуючись на психоаналізі К. Юнґа,змальовує образ людини,здатної пізнати і сприйняти всі глибини своєї істоти,всі порухи,добрі , й погані,своєї душі.За сміливістю своєї новаторської форми цей твір ,за словами Т.Мана,не поступається "Улісові" Д.Джойса і "Фальшивомонетникам" А.Жида.
521 _aДля широкого кола читачів
546 _aукр.
650 _aЛітературно-художнє видання
653 _aПротистояння
_aТруднощі
_aНепросте життя
655 _aПроза
_vРоман
942 _2udc
_cBK
999 _c17780
_d17780